Words With the Same Plural Forms - Statistics

General Stats
  • This quiz has been taken 36 times
  • The average score is 7 of 12
Answer Stats
Description Answer % Correct
Lives Underwater Fish
100%
Furred Mammal Known for Wool Sheep
94%
Beasts that (Voluntarily?) Drag Santa's Sleigh Reindeer
84%
Sub-Sea Creature Known for Spraying Ink When Threatened Squid
81%
Four Legged Forest Inhabitant Deer
77%
The Bigger Version of a Deer Moose
77%
Animal That Used to Roam the Plains With Numbers in the Millions Bison
55%
A Slightly Smaller Version of #3 Elk
55%
Fish Popularized in Carnivals Goldfish
45%
One of the Most Fished Fish Cod
29%
Large Fish That Inhabit's the Lakes of North America Northern Pike
19%
Tiny Fish that Finds its Way onto Sushi Plates Shrimp
10%
No matching quizzes found
Score Distribution
Percent of People with Each Score
Percentile by Number Answered
Your Score History
You have not taken this quiz